| 000 | 00372nam a2200133Ia 4500 | ||
|---|---|---|---|
| 008 | 230917s9999||||xx |||||||||||||| ||und|| | ||
| 040 |
_e62824 _aMAIN |
||
| 041 | _aEnglish | ||
| 082 | _a380.1 F758O | ||
| 100 | _aFord, J L | ||
| 245 | 0 | _aOhlin-Heckscher theory of the basic and effects of commodity trade | |
| 260 |
_aNew York _bAsia Publishing House _c1965 |
||
| 942 | _cBK | ||
| 999 |
_c191919 _d191919 |
||